[Event "TH-S-1214"]
[Site "IECC email"]
[Date "2020.03.02"]
[Round "?"]
[White "Mahony, Michael J"]
[Black "Cruz, Eliecer"]
[Result "1/2-1/2"]
[WhiteElo "1979"]
[BlackElo "2176"]
[PlyCount "52"]
[EventDate "2020.??.??"]
[EventType "tourn (corr)"]
[SourceTitle "Corr 2024"]
[Source "ChessBase"]
[SourceDate "2023.10.19"]
[SourceVersion "1"]
[SourceVersionDate "2023.10.19"]
[SourceQuality "1"]
[WhiteTeam "Vereinigte Staaten"]
[BlackTeam "Kuba"]
[WhiteTeamCountry "USA"]
[BlackTeamCountry "CUB"]

1. e4 e5 2. Nf3 Nc6 3. d4 exd4 4. Nxd4 Bc5 5. Be3 Qf6 6. c3 Nge7 7. Bc4 Ne5 8. Be2 Qg6 9. 0-0 d6 10. f3 0-0 11. Nd2 d5 12. Kh1 dxe4 13. fxe4 Bg4 14. Bf4 Bxe2 15. Qxe2 Bd6 16. Rad1 Rad8 17. Qb5 a6 18. Qxb7 Ng4 19. Nf5 Nxf5 20. exf5 Qh5 21. Qf3 Bxf4 22. Qxf4 Rd3 23. h3 Ne3 24. Rf3 h6 25. f6 Qg5 26. Qxg5 hxg5 1/2-1/2

[Event "TH-S-1165"]
[Site "IECC email"]
[Date "2019.08.15"]
[Round "?"]
[White "Mahony, Michael J"]
[Black "Garau, Bernard"]
[Result "0-1"]
[WhiteElo "1984"]
[BlackElo "2202"]
[PlyCount "80"]
[EventDate "2019.??.??"]
[EventType "tourn (corr)"]
[SourceTitle "Corr 2024"]
[Source "ChessBase"]
[SourceDate "2023.10.19"]
[SourceVersion "1"]
[SourceVersionDate "2023.10.19"]
[SourceQuality "1"]
[WhiteTeam "Vereinigte Staaten"]
[BlackTeam "Frankreich"]
[WhiteTeamCountry "USA"]
[BlackTeamCountry "FRA"]

1. e4 e5 2. Nf3 Nc6 3. d4 exd4 4. Nxd4 Nf6 5. Bc4 Nxe4 6. Qh5 Qe7 7. Nxc6 dxc6 8. 0-0 Be6 9. Bxe6 Qxe6 10. Re1 0-0-0 11. Nd2 Rd5 12. Qh4 f5 13. Nxe4 fxe4 14. c4 Rd7 15. Bg5 Qxc4 16. Rxe4 Qf7 17. Rae1 Bd6 18. h3 b6 19. Bf4 Bxf4 20. Rxf4 Qd5 21. Rfe4 a5 22. Re7 Kb7 23. Qg4 Rxe7 24. Rxe7 Rd8 25. a3 Qd1+ 26. Qxd1 Rxd1+ 27. Kh2 Rd2 28. b3 Rd3 29. Rxg7 Rxb3 30. f4 Rxa3 31. Rxh7 b5 32. Re7 b4 33. Re1 a4 34. f5 Rd3 35. f6 Rd6 36. Rf1 b3 37. f7 Rd8 38. g4 b2 39. Rb1 a3 40. g5 Ka6 0-1

[Event "IECC TH-M-3359"]
[Site "IECC email"]
[Date "2018.12.26"]
[Round "?"]
[White "Kamanel Zamora, Juan Felipe"]
[Black "Mahony, Michael J"]
[Result "1-0"]
[WhiteElo "2216"]
[BlackElo "2011"]
[PlyCount "95"]
[EventDate "2018.??.??"]
[EventType "tourn (corr)"]
[SourceTitle "Corr 2024"]
[Source "ChessBase"]
[SourceDate "2023.10.19"]
[SourceVersion "1"]
[SourceVersionDate "2023.10.19"]
[SourceQuality "1"]
[WhiteTeam "Kuba"]
[BlackTeam "Vereinigte Staaten"]
[WhiteTeamCountry "CUB"]
[BlackTeamCountry "USA"]

1. d4 Nf6 2. c4 e6 3. Nc3 Bb4 4. f3 d5 5. a3 Be7 6. e4 dxe4 7. fxe4 e5 8. d5 0-0 9. Nf3 Ng4 10. Bd3 Bc5 11. Qe2 Nd7 12. Bg5 f6 13. Bd2 Nf2 14. b4 Bb6 15. c5 Bxc5 16. bxc5 Nxh1 17. Be3 c6 18. Qb2 b6 19. dxc6 Nxc5 20. Bxc5 bxc5 21. Bc4+ Kh8 22. Kf1 Bg4 23. Bd5 Rb8 24. Qc2 Bh5 25. Kg1 Be8 26. Rb1 Rb6 27. Qa4 Rxb1+ 28. Nxb1 Qb6 29. Nc3 Qb2 30. Nd1 Qe2 31. Kxh1 Bh5 32. Nc3 Qb2 33. Ng1 Qb6 34. Nb5 h6 35. Nxa7 Rb8 36. Nb5 Rf8 37. Nd6 Qc7 38. Nf5 Rb8 39. Qc4 Qb6 40. Nd6 Be8 41. Nxe8 Rxe8 42. a4 Rb8 43. Qd3 Qc7 44. h4 Rb4 45. Qh3 Rb8 46. Ne2 Qa7 47. Nc3 Rf8 48. Kh2 1-0

[Event "IECC TH-M-3356"]
[Site "IECC email"]
[Date "2018.12.18"]
[Round "?"]
[White "Mahony, Michael J"]
[Black "Polo, Paul Caresse"]
[Result "1/2-1/2"]
[WhiteElo "2018"]
[BlackElo "2067"]
[PlyCount "27"]
[EventDate "2018.??.??"]
[EventType "tourn (corr)"]
[SourceTitle "Corr 2020"]
[Source "ChessBase"]
[SourceDate "2019.09.30"]
[SourceVersion "1"]
[SourceVersionDate "2019.09.30"]
[SourceQuality "1"]
[WhiteTeam "United States"]
[BlackTeam "France"]
[WhiteTeamCountry "USA"]
[BlackTeamCountry "FRA"]

1. e4 c5 2. f4 d5 3. Nc3 d4 4. Bb5+ Bd7 5. Bxd7+ Qxd7 6. Nce2 d3 7. cxd3 Qxd3 8. Qa4+ Nc6 9. Nh3 b5 10. Qa6 Nb4 11. Qb7 Nc2+ 12. Kd1 Ne3+ 13. Ke1 Nc2+ 14. Kd1 1/2-1/2

[Event "IECC CL2-2018.02 email"]
[Site "IECC email"]
[Date "2018.09.19"]
[Round "?"]
[White "Mahony, Michael J"]
[Black "Blittkowsky, Ralf"]
[Result "1/2-1/2"]
[WhiteElo "2028"]
[BlackElo "2121"]
[PlyCount "61"]
[EventDate "2018.??.??"]
[EventType "tourn (corr)"]
[EventRounds "4"]
[SourceTitle "Corr 2020"]
[Source "ChessBase"]
[SourceDate "2019.09.30"]
[SourceVersion "1"]
[SourceVersionDate "2019.09.30"]
[SourceQuality "1"]
[WhiteTeam "United States"]
[BlackTeam "Germany"]
[WhiteTeamCountry "USA"]
[BlackTeamCountry "GER"]

1. e4 c5 2. Nf3 g6 3. c3 Bg7 4. d4 cxd4 5. cxd4 d5 6. exd5 Nf6 7. Bb5+ Nbd7 8. d6 0-0 9. 0-0 exd6 10. Re1 Nb6 11. Qb3 Qc7 12. Nc3 a6 13. Bf1 Bg4 14. Bg5 h6 15. Bf4 Rae8 16. Rac1 Bxf3 17. gxf3 Rxe1 18. Rxe1 Nc8 19. Nd5 Nxd5 20. Qxd5 Qb6 21. Re2 Rd8 22. h4 Qxd4 23. Qxd4 Bxd4 24. Bxh6 d5 25. Bg5 f6 26. Be3 Bb6 27. Bh6 Bc5 28. Rc2 Bd6 29. Bh3 Ne7 30. Be6+ Kh7 31. Be3 1/2-1/2

[Event "IECC Swiss-581.2"]
[Site "IECC email"]
[Date "2017.08.02"]
[Round "?"]
[White "Mahony, Michael J"]
[Black "Keiper, Archie"]
[Result "1-0"]
[WhiteElo "2020"]
[BlackElo "1755"]
[PlyCount "55"]
[EventDate "2017.??.??"]
[EventType "swiss (corr)"]
[EventRounds "1"]
[SourceTitle "Corr 2020"]
[Source "ChessBase"]
[SourceDate "2019.09.30"]
[SourceVersion "1"]
[SourceVersionDate "2019.09.30"]
[SourceQuality "1"]
[WhiteTeam "United States"]
[BlackTeam "United States"]
[WhiteTeamCountry "USA"]
[BlackTeamCountry "USA"]

1. e4 e5 2. f4 d5 3. exd5 Bc5 4. Nc3 Bxg1 5. Rxg1 exf4 6. d4 Ne7 7. Bxf4 Nxd5 8. Nxd5 Qxd5 9. c4 Qe6+ 10. Qe2 0-0 11. Qxe6 fxe6 12. Bxc7 b6 13. Bd6 Rd8 14. c5 Ba6 15. Kf2 Bxf1 16. Rgxf1 Nc6 17. Ke3 Rd7 18. Ke4 Rad8 19. Rad1 Na5 20. Rc1 Nc6 21. Rc4 a5 22. Rf3 bxc5 23. dxc5 Rb7 24. b3 Rb4 25. Rxb4 axb4 26. g4 g5 27. Rf6 Ra8 28. Rxe6 1-0

[Event "TH-S-1007"]
[Site "IECC email"]
[Date "2017.07.22"]
[Round "?"]
[White "Martins, Karin"]
[Black "Mahony, Michael J"]
[Result "1/2-1/2"]
[WhiteElo "1969"]
[BlackElo "2048"]
[PlyCount "80"]
[EventDate "2017.??.??"]
[EventType "tourn (corr)"]
[SourceTitle "Corr 2020"]
[Source "ChessBase"]
[SourceDate "2019.09.30"]
[SourceVersion "1"]
[SourceVersionDate "2019.09.30"]
[SourceQuality "1"]
[WhiteTeam "Germany"]
[BlackTeam "United States"]
[WhiteTeamCountry "GER"]
[BlackTeamCountry "USA"]

1. d4 Nf6 2. c4 g6 3. Nc3 d5 4. cxd5 Nxd5 5. Nxd5 Qxd5 6. Bf4 Nc6 7. Nf3 Bf5 8. Qb3 Qxb3 9. axb3 f6 10. Bxc7 e5 11. dxe5 Bb4+ 12. Kd1 Rc8 13. Bd6 Rd8 14. Kc1 Bxd6 15. exd6 Rxd6 16. Ra4 Be6 17. e3 Bxb3 18. Re4+ Kf7 19. Bc4+ Bxc4 20. Rxc4 Rhd8 21. Kc2 h5 22. h4 a6 23. b4 b5 24. Rf4 Kg7 25. g4 hxg4 26. Rxg4 Kh6 27. Rhg1 Ne5 28. Nxe5 fxe5 29. f3 Rc6+ 30. Kb1 Rd3 31. Re4 Rd5 32. Rg2 Rf6 33. Rf2 Rf5 34. Kc2 Kh5 35. Kc3 Rf7 36. Kb2 Rf5 37. Kc3 Kh6 38. Kc2 Rf7 39. Rg4 Rd6 40. Re4 Rd5 1/2-1/2

[Event "IECC M1-2017.T012"]
[Site "IECC email"]
[Date "2017.07.06"]
[Round "?"]
[White "Basson, Heinrich"]
[Black "Mahony, Michael J"]
[Result "0-1"]
[WhiteElo "1742"]
[BlackElo "2043"]
[PlyCount "68"]
[EventDate "2017.??.??"]
[EventType "match (corr)"]
[EventRounds "2"]
[SourceTitle "Corr 2020"]
[Source "ChessBase"]
[SourceDate "2019.09.30"]
[SourceVersion "1"]
[SourceVersionDate "2019.09.30"]
[SourceQuality "1"]
[WhiteTeam "South Africa"]
[BlackTeam "United States"]
[WhiteTeamCountry "RSA"]
[BlackTeamCountry "USA"]

1. e4 c5 2. Nf3 g6 3. d4 cxd4 4. Nxd4 Bg7 5. Nc3 Nc6 6. Be3 Nf6 7. Nxc6 bxc6 8. e5 Ng8 9. f4 f6 10. e6 d5 11. f5 Qd6 12. Bd3 Qe5 13. Qe2 d4 14. Be4 Bb7 15. Qf3 dxc3 16. Bxc6+ Kf8 17. Bxb7 cxb2 18. Rb1 Bh6 19. Bxa8 Bxe3 20. Qd5 Qc3+ 21. Kd1 Bc1 22. Qd3 Qc5 23. Rxc1 bxc1Q+ 24. Kxc1 Nh6 25. fxg6 Kg7 26. Be4 hxg6 27. h3 Ng4 28. Qg3 f5 29. Re1 Nf2 30. Bb7 f4 31. Qb3 Rd8 32. Ba6 Rd6 33. Bc4 Qa5 34. Qb2+ Kh7 0-1

[Event "IECC CL3-2017.02 email"]
[Site "IECC email"]
[Date "2017.02.07"]
[Round "?"]
[White "Mahony, Michael J"]
[Black "Gavrileteanu, Lucian"]
[Result "1/2-1/2"]
[WhiteElo "1979"]
[BlackElo "1911"]
[PlyCount "64"]
[EventDate "2017.??.??"]
[EventType "tourn (corr)"]
[EventRounds "4"]
[SourceTitle "Corr 2020"]
[Source "ChessBase"]
[SourceDate "2019.09.30"]
[SourceVersion "1"]
[SourceVersionDate "2019.09.30"]
[SourceQuality "1"]
[WhiteTeam "United States"]
[BlackTeam "Romania"]
[WhiteTeamCountry "USA"]
[BlackTeamCountry "ROU"]

1. e4 c5 2. Nf3 d6 3. d4 cxd4 4. Nxd4 Nf6 5. Nc3 a6 6. Bc4 e6 7. a3 Be7 8. 0-0 0-0 9. Qf3 Re8 10. Rd1 Nbd7 11. Qg3 Bf8 12. Ba2 b5 13. f3 Bb7 14. Be3 Ne5 15. Rd2 Qc7 16. Rad1 Rac8 17. Nde2 d5 18. Bd4 Bc5 19. exd5 Bxd5 20. Nxd5 Nxd5 21. Bxd5 exd5 22. Nc3 Qc6 23. h3 Bxd4+ 24. Rxd4 Nc4 25. Nxd5 Nxb2 26. Re1 Kf8 27. Rxe8+ Rxe8 28. Qc7 Qxc7 29. Nxc7 Rc8 30. Nxa6 Rxc2 31. Rd8+ Ke7 32. Rb8 Nc4 1/2-1/2

[Event "IECC CL3-2017.02 email"]
[Site "IECC email"]
[Date "2017.02.07"]
[Round "?"]
[White "Mahony, Michael J"]
[Black "Peraza Balleste, Orlando"]
[Result "1-0"]
[WhiteElo "1947"]
[BlackElo "1838"]
[PlyCount "39"]
[EventDate "2017.??.??"]
[EventType "tourn (corr)"]
[EventRounds "4"]
[SourceTitle "Corr 2020"]
[Source "ChessBase"]
[SourceDate "2019.09.30"]
[SourceVersion "1"]
[SourceVersionDate "2019.09.30"]
[SourceQuality "1"]
[WhiteTeam "United States"]
[BlackTeam "Cuba"]
[WhiteTeamCountry "USA"]
[BlackTeamCountry "CUB"]

1. e4 c5 2. Nf3 d6 3. Bd3 Nc6 4. c3 Nf6 5. Bc2 e5 6. 0-0 Be7 7. h3 0-0 8. d4 exd4 9. cxd4 cxd4 10. Nxd4 d5 11. Nxc6 bxc6 12. exd5 Nxd5 13. Qd3 g6 14. Qf3 Be6 15. Bb3 Bc5 16. Nd2 Bd4 17. Ne4 Bg7 18. Rd1 Qc7 19. Bxd5 Bxd5 20. Nf6+ 1-0

[Event "IECC CL3-2017.01 email"]
[Site "IECC email"]
[Date "2017.01.21"]
[Round "?"]
[White "Laudati, Lelio"]
[Black "Mahony, Michael J"]
[Result "0-1"]
[WhiteElo "1862"]
[BlackElo "1984"]
[PlyCount "50"]
[EventDate "2017.??.??"]
[EventType "tourn (corr)"]
[EventRounds "4"]
[SourceTitle "Corr 2020"]
[Source "ChessBase"]
[SourceDate "2019.09.30"]
[SourceVersion "1"]
[SourceVersionDate "2019.09.30"]
[SourceQuality "1"]
[WhiteTeam "Italy"]
[BlackTeam "United States"]
[WhiteTeamCountry "ITA"]
[BlackTeamCountry "USA"]

1. c4 Nf6 2. g3 e6 3. Bg2 d5 4. Nf3 Be7 5. 0-0 d4 6. d3 Nc6 7. Nbd2 0-0 8. a3 a5 9. Rb1 a4 10. Qc2 Ra6 11. Ng5 Ng4 12. Ngf3 e5 13. h3 Nf6 14. g4 h6 15. Re1 Nd7 16. b4 axb3 17. Rxb3 f5 18. Rb5 fxg4 19. hxg4 Nc5 20. g5 hxg5 21. Nxg5 Bxg5 22. Rxc5 Nb4 23. axb4 Bxd2 24. Qxd2 Qh4 25. e4 Rg6 0-1

[Event "IECC CL3-2017.01 email"]
[Site "IECC email"]
[Date "2017.01.21"]
[Round "?"]
[White "Mahony, Michael J"]
[Black "Blittkowsky, Ralf"]
[Result "1/2-1/2"]
[WhiteElo "1995"]
[BlackElo "1943"]
[PlyCount "103"]
[EventDate "2017.??.??"]
[EventType "tourn (corr)"]
[EventRounds "4"]
[SourceTitle "Corr 2020"]
[Source "ChessBase"]
[SourceDate "2019.09.30"]
[SourceVersion "1"]
[SourceVersionDate "2019.09.30"]
[SourceQuality "1"]
[WhiteTeam "United States"]
[BlackTeam "Germany"]
[WhiteTeamCountry "USA"]
[BlackTeamCountry "GER"]

1. e4 e5 2. Nf3 Nc6 3. Bb5 a6 4. Ba4 Nf6 5. 0-0 Be7 6. Re1 b5 7. Bb3 0-0 8. c3 d6 9. h3 Nb8 10. d4 Nbd7 11. Nbd2 Bb7 12. Bc2 c5 13. d5 g6 14. c4 Nb6 15. a4 bxa4 16. Bxa4 Nxa4 17. Rxa4 Bc8 18. Ra3 Nh5 19. Nb3 Re8 20. Bd2 Qb6 21. Bc3 Nf4 22. Nc1 f5 23. exf5 Bxf5 24. Ne2 Nxe2+ 25. Qxe2 Rf8 26. Nd2 Bg5 27. Rea1 Rf7 28. Ne4 Bf4 29. h4 Raa7 30. g3 Bh6 31. f3 Ra8 32. Kg2 Raa7 33. R1a2 Ra8 34. Ra1 Raa7 35. Rh1 Rf8 36. h5 Rg7 37. Raa1 Rff7 38. Qd3 Qb7 39. Qe2 Qb6 40. hxg6 Rxg6 41. Rh5 Bxe4 42. Qxe4 Bf4 43. Rh3 Rfg7 44. g4 Qb7 45. Qf5 Rf7 46. Qc2 Qc8 47. Qd3 Rgg7 48. Qe2 Rg6 49. Rf1 e4 50. Qxe4 Rxg4+ 51. Kh1 Rg5 52. Qe6 1/2-1/2

[Event "IECC CL3-2017.01 email"]
[Site "IECC email"]
[Date "2017.01.21"]
[Round "?"]
[White "Peraza Balleste, Orlando"]
[Black "Mahony, Michael J"]
[Result "1/2-1/2"]
[WhiteElo "1912"]
[BlackElo "1948"]
[PlyCount "43"]
[EventDate "2017.??.??"]
[EventType "tourn (corr)"]
[EventRounds "4"]
[SourceTitle "Corr 2020"]
[Source "ChessBase"]
[SourceDate "2019.09.30"]
[SourceVersion "1"]
[SourceVersionDate "2019.09.30"]
[SourceQuality "1"]
[WhiteTeam "Cuba"]
[BlackTeam "United States"]
[WhiteTeamCountry "CUB"]
[BlackTeamCountry "USA"]

1. e4 e5 2. Nf3 Nf6 3. Nxe5 d6 4. Nf3 Nxe4 5. d4 d5 6. Bd3 Nc6 7. 0-0 Bg4 8. c4 Nf6 9. cxd5 Bxf3 10. Qxf3 Qxd5 11. Re1+ Be7 12. Qxd5 Nxd5 13. Nc3 0-0-0 14. Nxd5 Rxd5 15. Be3 Nxd4 16. Be4 Rdd8 17. Bxd4 Rxd4 18. Bxb7+ Kxb7 19. Rxe7 Rhd8 20. Rae1 R8d7 21. Kf1 c5 22. R1e4 1/2-1/2

[Event "TH-S-0910"]
[Site "IECC email"]
[Date "2016.05.31"]
[Round "?"]
[White "Mahony, Michael J"]
[Black "Vasquez, Felipe"]
[Result "1/2-1/2"]
[WhiteElo "1915"]
[BlackElo "1804"]
[PlyCount "81"]
[EventDate "2016.??.??"]
[EventType "tourn (corr)"]
[SourceTitle "Corr 2020"]
[Source "ChessBase"]
[SourceDate "2019.09.30"]
[SourceVersion "1"]
[SourceVersionDate "2019.09.30"]
[SourceQuality "1"]
[WhiteTeam "United States"]
[BlackTeam "Peru"]
[WhiteTeamCountry "USA"]
[BlackTeamCountry "PER"]

1. e4 e6 2. d4 d5 3. Nc3 Bb4 4. e5 c5 5. a3 Bxc3+ 6. bxc3 Ne7 7. Qg4 cxd4 8. Qxg7 Rg8 9. Qxh7 Qc7 10. Ne2 dxc3 11. f4 Nbc6 12. Qd3 d4 13. Nxd4 Nxd4 14. Qxd4 Bd7 15. Rg1 Nf5 16. Qf2 Qc6 17. Bd3 Qd5 18. a4 0-0-0 19. Ra3 Kb8 20. Rxc3 Bxa4 21. Ra3 Qc6 22. Bb2 Ne7 23. g3 b6 24. Qe2 Rd7 25. Rc3 Qd5 26. Qe4 Qa5 27. Kf2 Nd5 28. Ra3 Nb4 29. Rc3 Bc6 30. Rxc6 Nxc6 31. Qxc6 Rxd3 32. cxd3 Qd2+ 33. Kf3 Qxd3+ 34. Kg2 Qd2+ 35. Kh1 Qxb2 36. Rc1 a5 37. Qc7+ Ka8 38. Qc4 Kb7 39. Rc2 Qb4 40. Qe2 Qb3 41. Rd2 1/2-1/2

[Event "IECC Swiss-573.2"]
[Site "IECC email"]
[Date "2015.05.03"]
[Round "?"]
[White "Mahony, Michael J"]
[Black "Basson, Heinrich"]
[Result "1-0"]
[WhiteElo "1858"]
[BlackElo "1679"]
[PlyCount "79"]
[EventDate "2015.??.??"]
[EventType "swiss (corr)"]
[EventRounds "1"]
[SourceTitle "Corr 2020"]
[Source "ChessBase"]
[SourceDate "2019.09.30"]
[SourceVersion "1"]
[SourceVersionDate "2019.09.30"]
[SourceQuality "1"]
[WhiteTeam "United States"]
[BlackTeam "South Africa"]
[WhiteTeamCountry "USA"]
[BlackTeamCountry "RSA"]

1. e4 d5 2. exd5 Qxd5 3. Nc3 Qd6 4. d4 c6 5. Bc4 Bf5 6. Nge2 e6 7. Bf4 Qd8 8. Be3 Bd6 9. Ng3 Bg6 10. h4 Bxg3 11. fxg3 Nf6 12. h5 Bf5 13. h6 gxh6 14. Bxh6 Nbd7 15. Qd2 Qa5 16. 0-0-0 0-0-0 17. Bg5 h6 18. Bh4 Rdg8 19. Rhf1 h5 20. d5 cxd5 21. Bxd5 Rg4 22. Bf3 Rc4 23. Be2 Rxc3 24. Qxc3+ Qxc3 25. bxc3 Ng4 26. Rf4 Ne3 27. Rd2 Nb6 28. Rfd4 Bg4 29. Rd8+ Rxd8 30. Rxd8+ Kc7 31. Bf3 Nbd5 32. Rf8 f5 33. Bxd5 exd5 34. Rf7+ Kc8 35. Bg5 Nxg2 36. Kd2 a6 37. a4 a5 38. Rh7 Bf3 39. Bf6 f4 40. gxf4 1-0

[Event "IECG CA.2004.0.00115 email"]
[Site "IECG email"]
[Date "2004.01.15"]
[Round "?"]
[White "Orsolic, Marijan"]
[Black "Mahony, Michael J"]
[Result "1-0"]
[WhiteElo "2020"]
[BlackElo "2054"]
[PlyCount "27"]
[EventDate "2004.01.15"]
[EventType "tourn (corr)"]
[EventRounds "6"]
[SourceTitle "Corr 2008"]
[Source "ChessBase"]
[SourceDate "2008.06.24"]
[SourceVersion "1"]
[SourceVersionDate "2008.06.24"]
[SourceQuality "1"]

1. e4 e6 2. d4 d5 3. Nc3 Nf6 4. Bg5 Bb4 5. e5 h6 6. Bd2 Bxc3 7. bxc3 Ne4 8. Qg4 Kf8 9. Bd3 Nxd2 10. Kxd2 c5 11. h4 c4 12. Be2 Nc6 13. Rh3 b5 14. Qf4 1-0

[Event "CFriend SH-2003-0-00003 email"]
[Site "Chessfriend.com"]
[Date "2003.02.19"]
[Round "?"]
[White "Brand, Martien"]
[Black "Mahony, Michael J"]
[Result "1-0"]
[WhiteElo "2030"]
[BlackElo "2054"]
[PlyCount "35"]
[EventDate "2003.02.19"]
[EventType "tourn (corr)"]
[EventRounds "10"]
[SourceTitle "Corr 2008"]
[Source "ChessBase"]
[SourceDate "2008.06.24"]
[SourceVersion "1"]
[SourceVersionDate "2008.06.24"]
[SourceQuality "1"]

1. e4 c5 2. d4 cxd4 3. c3 dxc3 4. Nxc3 Nc6 5. Nf3 Nf6 6. Bc4 e6 7. Qe2 Qc7 8. 0-0 Ng4 9. Nb5 Qb8 10. h3 h5 11. g3 a6 12. Nbd4 Bc5 13. Bf4 Nxd4 14. Nxd4 e5 15. hxg4 Bxd4 16. Be3 h4 17. Bxd4 exd4 18. Qf3 1-0

[Event "CFriend SH-2003-0-00003 email"]
[Site "Chessfriend.com"]
[Date "2003.02.19"]
[Round "?"]
[White "Mahony, Michael J"]
[Black "Evans, Gordon R"]
[Result "0-1"]
[WhiteElo "2054"]
[BlackElo "2309"]
[PlyCount "60"]
[EventDate "2003.02.19"]
[EventType "tourn (corr)"]
[EventRounds "10"]
[SourceTitle "Corr 2008"]
[Source "ChessBase"]
[SourceDate "2008.06.24"]
[SourceVersion "1"]
[SourceVersionDate "2008.06.24"]
[SourceQuality "1"]

1. e4 e6 2. d4 d5 3. Nc3 Bb4 4. e5 c5 5. a3 Bxc3+ 6. bxc3 Ne7 7. Qg4 0-0 8. Bd3 Qa5 9. Bd2 Nbc6 10. Nf3 f5 11. exf6 Rxf6 12. Qh5 Nf5 13. 0-0 c4 14. Be2 Qa4 15. Ra2 Bd7 16. Re1 Nd6 17. Qh3 Rd8 18. Ng5 h6 19. Bg4 hxg5 20. Bxg5 Rdf8 21. Bxf6 Rxf6 22. Qg3 Ne4 23. Qc7 Rf7 24. Bh5 Re7 25. Qxb7 Nxc3 26. Qa8+ Kh7 27. Re3 e5 28. Rg3 Ne2+ 29. Bxe2 Qb5 30. Ra1 Qb2 0-1